| 000 | 00378nam a22001457a 4500 | ||
|---|---|---|---|
| 003 | MACL | ||
| 005 | 20170620130503.0 | ||
| 008 | 170620b xxu||||| |||| 00| 0 eng d | ||
| 040 | _c MACL | ||
| 100 |
_aGoyal, Sanjay _967626 |
||
| 245 | _aGlobalization and the Teaching of English | ||
| 260 |
_aDelhi _bVijaya Books _c2015 |
||
| 650 |
_aEnvironment _967627 |
||
| 942 |
_2ddc _cBK |
||
| 999 |
_c56602 _d56602 |
||